Effectif FC Nantes saison 2023-2024 - Statistiques

Statistiques générales
  • Ce quiz a été pris 46 fois
  • Le résultat moyen est 22 sur 25
Statistiques - réponses
Par images Réponse % Correct
Alban Lafont
100%
Marcus Coco
100%
Moussa Sissoko
100%
Nicolas Pallois
100%
Pedro Chirivella
100%
Florent Mollet
97%
Moses Simon
97%
Mostafa Mohamed
97%
Samuel Moutoussamy
97%
Mathis Abline
95%
Jean-Charles Castelletto
92%
Nicolas Cozza
92%
Remy Descamps
92%
Ignatius Ganago
89%
Douglas Augusto
87%
Jean-Kevin Duverne
87%
Eray Cömert
84%
Kader Bamba
84%
Nathan Zézé
84%
Denis Petric
82%
Tino Kadewere
82%
Kelvin Amian
74%
Benie Traoré
66%
Stredair Appuah
58%
Bastien Meupiyou
53%
Aucun quiz correspondant
Distribution des résultats
% des personnes avec chaque résultat
Percentile par nombre de réponses
Votre historique - résultats
Vous n’avez pas pris ce quiz